|
|
|
|
| LEADER |
00000nab a2200000uu 4500 |
| 001 |
vtls011513910 |
| 003 |
SK-MaSNL |
| 005 |
20260303181136.0 |
| 008 |
230704|1972 xo |||||||||||||||||slo| |
| 015 |
|
|
|a SNBRB
|
| 035 |
|
|
|a (urnnbn)urn:nbn:sk:snk:ar-001etr
|
| 035 |
|
|
|a (uuid)b65b5055-15b4-43b8-bac7-a129077a7f71
|
| 035 |
|
|
|a urn:nbn:sk:snk-abe3wk
|
| 040 |
|
|
|a SNKBUCL
|b slo
|c SNKBUCL
|e AACR2
|
| 041 |
0 |
|
|a slo
|
| 044 |
|
|
|a xo
|c SK
|
| 100 |
1 |
|
|a Heckel, Bedřich,
|d 1913-1989
|4 aut
|9 218754
|
| 245 |
1 |
0 |
|a Tomášikov Barón Trenk
|c Bedřich Heckel
|
| 600 |
1 |
7 |
|a Tomášik, Samo,
|d 1813-1887
|t Životopis Barona Trencka
|2 SNK
|9 1207852
|
| 600 |
1 |
7 |
|a Trenck, Franz von
|d 1711-1749
|2 SNKMA
|9 718976
|
| 655 |
|
7 |
|a štúdie
|2 SNKPH
|9 57033
|
| 773 |
0 |
|
|t Slovenské pohľady
|g Roč. 88, č. 11 (1972), s. 115-120
|
| 850 |
|
|
|a Slovenská národná knižnica
|
| 852 |
|
|
|a Slovenská národná knižnica
|
| 954 |
|
|
|a odborná, vedecká literatúra cudzojazyčná (svetová)
|2 lita
|
| 958 |
|
|
|a OND
|
| 958 |
|
|
|a EUIPO
|
| 958 |
|
|
|a article21
|
| 999 |
|
|
|c 2109439
|d 2111369
|